Producción y comercio de tejidos coloniales : (Record no. 12895)

000 -CABECERA
fixed length control field 01137nam a22002537a 4500
003 - IDENTIFICADOR DEL NÚMERO DE CONTROL
control field AR-CdUCM
008 - DATOS DE LONGITUD FIJA--INFORMACIÓN GENERAL
fixed length control field 190410b ||||| |||| 00| 0 spa d
020 ## - NÚMERO INTERNACIONAL ESTÁNDAR DEL LIBRO
ISBN 84-8387-045-2
040 ## - FUENTE DE LA CATALOGACIÓN
Agencia/entidad que catalogó originalmente la obra MUNICIPALIDAD PROVINCIAL DEL CUSCO
Entidad que transcribió la catalogación BIBLIOTECA MUNICIPAL DEL CUSCO
082 ## - NÚMERO DE LA CLASIFICACIÓN DECIMAL DEWEY
No. de Clasificación 985.0181 /
Notacion interna ES74
100 ## - ENTRADA PRINCIPAL--NOMBRE DE PERSONA
Nombre Personal Escandell-Tur, Neus
245 ## - MENCIÓN DE TÍTULO
Título Producción y comercio de tejidos coloniales :
Resto del título Los obrajes y chorrillos del Cuzco 1570-1820 /
260 ## - PUBLICACIÓN, DISTRIBUCIÓN, ETC.
Lugar de publicación, distribución, etc. Cusco :
Nombre de la editorial, distribuidor, etc. Centro de Estudios Regionales Andinos "Bartolomé de las Casas",
Fecha de publicación, distribución, etc. 1997.
300 ## - DESCRIPCIÓN FÍSICA
Nº de Páginas Extensión 488 páginas ;
Otros detalles físicos Gráficos, ilustraciones, Imágenes,
Dimensiones 24 cm.
440 ## - MENCIÓN DE SERIE/PUNTO DE ACCESO ADICIONAL--TÍTULO
Título Archivos de Historia Andina
Número de la parte/sección de una obra 23
9 (RLIN) 31007
505 ## - NOTA DE CONTENIDO CON FORMATO
Nota de contenido formateada Contenido: Conceptualización de obraje, chorrillos y unidades domésticos indígenas -- Las grandes familias obrajeras del Cusco -- Obrajes-hacienda : sistemas de complementariedad -- Organización de la actividad textil ...
650 ## - PUNTO DE ACCESO ADICIONAL DE MATERIA--TÉRMINO DE MATERIA
Descriptor Obrajes
9 (RLIN) 31008
650 ## - PUNTO DE ACCESO ADICIONAL DE MATERIA--TÉRMINO DE MATERIA
Descriptor Época Colonial
9 (RLIN) 645
650 ## - PUNTO DE ACCESO ADICIONAL DE MATERIA--TÉRMINO DE MATERIA
Descriptor Perú
9 (RLIN) 35
650 ## - PUNTO DE ACCESO ADICIONAL DE MATERIA--TÉRMINO DE MATERIA
Descriptor Industria y artículos textiles
9 (RLIN) 31009
650 ## - PUNTO DE ACCESO ADICIONAL DE MATERIA--TÉRMINO DE MATERIA
Descriptor Cusco
9 (RLIN) 772
942 ## - ELEMENTOS DE PUNTO DE ACCESO ADICIONAL (KOHA)
Fuente de clasificación
Tipo de item Libros-BMC
945 ## - PROCESAMIENTO DE INFORMACIÓN LOCAL (OCLC)
Catalogador cmm
AAAA-MM-DD - Fecha de ingreso o modificacion 2019-04-10
Holdings
Estado de retiro (separado) Fuente de clasificación o esquema de estanterías Estado dañado Ubicación Sala donde se ubica Nombre de la colección Fecha de adquisición o compra Costo, precio normal en soles Signatura topográfica Código de Barras Última vez visto (Koha) Tipo de ítem (Koha)
No     Sala Humanidades Sala Humanidades Book Cart 2019-04-10 30.00 985.0181 / ES74 SH0000010514 2019-04-10 Libros-BMC
No     Sala Humanidades Sala Humanidades Book Cart 2019-04-10 30.00 985.0181 / ES74 / e.2 SH0000010506 2019-04-10 Libros-BMC

Powered by Koha